00339nam a2200121Ia 4500008004100000041000800041082001600049100002200065245004400087260004500131300003200176365000900208240624s9999 xx 000 0 und d aeng a658.155 DIE aDIEBOLD FRANCIS X aKNOWN THE UNKNOWABLE AND THE UNKNOWABLE c2010aOxfordbPrinceton University Press aviii, : 380 : p. : cm. ; 24 cb26